Подробности
| 000 -МАРКЕР |
| контрольное поле |
03118nam0a2200397 4500 |
| 001 - ИДЕНТИФИКАТОР ЗАПИСИ |
| контрольное поле |
RU\NLR\BIBL_A\021974959 |
| 005 - ИДЕНТИФИКАТОР ВЕРСИИ |
| контрольное поле |
20230711163413.0 |
| 010 ## - МЕЖДУНАРОДНЫЙ СТАНДАРТНЫЙ НОМЕР КНИГИ (ISBN) |
| Номер (ISBN) |
978-5-9509-0534-6 |
| Тираж |
100 |
| 021 ## - НОМЕР ГОСУДАРСТВЕННОЙ РЕГИСТРАЦИИ |
| Код страны |
Российская Федерация |
| Номер |
КН-П-23-036673 |
| Номер Листа государственной регистраци |
КН-П-23-3633 |
| 035 ## - ДРУГИЕ СИСТЕМНЫЕ НОМЕРА |
| Идентификатор записи |
(NLR Aleph) 021974959 |
| 035 ## - ДРУГИЕ СИСТЕМНЫЕ НОМЕРА |
| Идентификатор записи |
(RuMoRGB)011835360 |
| 100 ## - ДАННЫЕ ОБЩЕЙ ОБРАБОТКИ |
| Данные общей обработки |
20230705d2023 u y0rusy50 ca |
| 101 0# - ЯЗЫК РЕСУРСА |
| Язык текста, звукозаписи и т.д. |
русский |
| 102 ## - СТРАНА ПУБЛИКАЦИИ ИЛИ ПРОИЗВОДСТВА |
| Страна публикации |
Российская Федерация |
| 105 ## - ПОЛЕ КОДИРОВАННЫХ ДАННЫХ: ТЕКСТОВЫЕ МАТЕРИАЛЫ, МОНОГРАФИЧЕСКИЕ |
| Кодированные данные о монографическом текстовом документе |
a|||j|||000zy |
| 181 #0 - ПОЛЕ КОДИРОВАННЫХ ДАННЫХ: ВИД СОДЕРЖАНИЯ |
| Код вида содержания (ISBD) |
i |
| Код характеристики содержания (ISBD) |
axxe |
| 182 #0 - ПОЛЕ КОДИРОВАННЫХ ДАННЫХ: ТИП СРЕДСТВА |
| Код типа средства (ISBD) |
n - непосредственное |
| 200 1# - ЗАГЛАВИЕ И СВЕДЕНИЯ ОБ ОТВЕТСТВЕННОСТИ |
| Основное заглавие |
Реинжиниринг бизнес-процессов |
| Сведения, относящиеся к заглавию |
учебное пособие |
| Первые сведения об ответственности |
С. Н. Тарануха, И. К. Фомина, Т. К. Назарова [и др.] |
| Последующие сведения об ответственности |
Федеральное агентство морского и речного транспорта, Федеральное государственное бюджетное образовательное учреждение высшего образования Государственный университет морского и речного флота имени адмирала С. О. Макарова, Институт водного транспорта, Кафедра математического моделирования и прикладной информатики |
| 203 ## - ВИД СОДЕРЖАНИЯ И ТИП СРЕДСТВА |
| Вид содержания |
Текст |
| Дополнительные сведения об издании |
визуальный |
| Тип средства |
непосредственный |
| 210 ## - ПУБЛИКАЦИЯ, РАСПРОСТРАНЕНИЕ И ДР. |
| Место издания, распространения и т.д. |
Санкт-Петербург |
| Имя издателя, распространителя и т. д. |
Изд-во ГУМРФ имени адмирала С. О. Макарова |
| Дата издания, распространения и т.д. |
2023 |
| 215 ## - ФИЗИЧЕСКАЯ ХАРАКТЕРИСТИКА |
| Специфическое обозначение материала и объем |
103 с. |
| Другие сведения о физической характеристике |
ил., табл. |
| Размеры |
21 |
| 300 ## - ОБЩИЕ ПРИМЕЧАНИЯ |
| Текст примечания |
Над вып. дан. авт.: Тарануха С. Н., Фомина И. К., кандидаты экон. наук, доценты, Назарова Т. К. [и др.] |
| 300 ## - ОБЩИЕ ПРИМЕЧАНИЯ |
| Текст примечания |
Авт. указаны на обороте тит. с. в макете |
| 320 ## - ПРИМЕЧАНИЯ О НАЛИЧИИ В ДОКУМЕНТЕ БИБЛИОГРАФИИ / УКАЗАТЕЛЯ |
| Текст примечания |
Библиогр.: с. 103 (8 назв.) |
| 606 1# - НАИМЕНОВАНИЕ ТЕМЫ КАК ПРЕДМЕТ |
| Наименование темы |
Реинжиниринг предпринимательства |
| Формальный подзаголовок |
Учебные издания для высших учебных заведений |
| Географический подзаголовок |
Российская Федерация |
| Системный номер авторитетной/нормативной записи |
2326206 |
| Идентификатор авторитетной/нормативной записи |
RU\NLR\AUTH\661391374 |
| 686 1# - ИНДЕКСЫ ДРУГИХ КЛАССИФИКАЦИЙ |
| Индекс |
У9(2)-13-21(2Р)я73 |
| 701 #1 - ИМЯ ЛИЦА - АЛЬТЕРНАТИВНАЯ ОТВЕТСТВЕННОСТЬ |
| Начальный элемент ввода |
Тарануха |
| Часть имени, кроме начального элемента ввода |
С. Н. |
| Дополнения к именам, кроме дат |
канд. техн. наук |
| Расширение инициалов личного имени |
Светлана Николаевна |
| Системный номер авторитетной/нормативной записи |
187379 |
| Идентификатор авторитетной/нормативной записи |
RU\NLR\AUTH\770187430 |
| 701 #1 - ИМЯ ЛИЦА - АЛЬТЕРНАТИВНАЯ ОТВЕТСТВЕННОСТЬ |
| Начальный элемент ввода |
Фомина |
| Часть имени, кроме начального элемента ввода |
И. К. |
| Дополнения к именам, кроме дат |
канд. техн. наук, информатика |
| Расширение инициалов личного имени |
Инга Константиновна |
| Системный номер авторитетной/нормативной записи |
188223 |
| Идентификатор авторитетной/нормативной записи |
RU\NLR\AUTH\770188274 |
| 701 #1 - ИМЯ ЛИЦА - АЛЬТЕРНАТИВНАЯ ОТВЕТСТВЕННОСТЬ |
| Начальный элемент ввода |
Назарова |
| Часть имени, кроме начального элемента ввода |
Т. К. |
| Дополнения к именам, кроме дат |
преподаватель, информатика |
| Расширение инициалов личного имени |
Татьяна Каруловна |
| Системный номер авторитетной/нормативной записи |
210606 |
| Идентификатор авторитетной/нормативной записи |
RU\NLR\AUTH\770210662 |
| 712 02 - НАИМЕНОВАНИЕ ОРГАНИЗАЦИИ - ВТОРИЧНАЯ ОТВЕТСТВЕННОСТЬ |
| Код отношения |
Прочие |
| Начальный элемент ввода |
Государственный университет морского и речного флота им. С. О. Макарова |
| Структурное подразделение |
Институт водного транспорта |
| -- |
Кафедра математического моделирования и прикладной информатики |
| Идентифицирующий признак |
Санкт-Петербург |
| Системный номер авторитетной/нормативной записи |
854538 |
| Идентификатор авторитетной/нормативной записи |
RU\NLR\AUTH\880594493 |
| 942 ## - ДОПОЛНИТЕЛЬНЫЕ ЭЛЕМЕНТЫ ЗАПИСИ (АБИС) |
| Тип экземпляра АБИС |
Книга |
| 980 ## - КОЛЛЕКЦИЯ |
| Название коллекции |
Национальная библиография |